| 000 | 00673nam a2200193 a 4500 | ||
|---|---|---|---|
| 001 | 001189715 | ||
| 003 | AM-YeHGA | ||
| 005 | 20250617152817.0 | ||
| 008 | 161115s2000 ||| r 000 0 rus d | ||
| 040 | _aAM-YeHGA | ||
| 041 | 0 | _arus | |
| 100 | 1 | _aИскандеров, Изим | |
| 245 | 1 | 0 |
_aУйгурские стихи / _cИзим Искандеров. |
| 260 |
_aАлма-Ата : _bКазахское гос. изд-во худож. литер., _cБ.г. |
||
| 300 | _a78 с. | ||
| 440 | 0 | _aДекада казахского искусства и литературы в Москве, 1958 г | |
| 653 | 0 | _aУйгурская поэзия | |
| 090 | _c380168 | ||
| 999 |
_c378255 _d378255 |
||